Εισαγωγή στην κβαντομηχανική

Saved in:
Bibliographic Details
Main Author: Ταμβάκης, Κυριάκος
Format: Book
Language:Greek
Published: Αθήνα : Leader Books, 2003
Subjects:
Tags: Add Tag
No Tags, Be the first to tag this record!

MARC

LEADER 00000nam a2200000 i 4500
001 1/87614
008 080603s2003 gre d
020 |a 960-7901-39-8 
035 |l 10097915 
040 |a GR-MY-UA  |b gre  |e aacr 
041 0 |a gre 
082 0 |a 530.12  |2 (22) 
100 1 |a Ταμβάκης, Κυριάκος. 
245 1 0 |a Εισαγωγή στην κβαντομηχανική /  |c Κυριάκος Ταμβάκης 
260 |a Αθήνα :   |b Leader Books,   |c 2003 
300 |a 599 σ.;  |c 24 εκ. 
650 0 0 |a Quantum theory. 
852 |a INST  |b SAMOS  |e 20080603  |h 530.12 ΤΑΜ  |p 005300030252  |q 005300030252  |t BK  |y 0 
901 |a BIBL3-2008-2 
909 |a Σ  |b 141528 
922 |a 3ΕΛΗ  |b 200711  |c ΕΠΕΑΕΚ2/ΤΜΗΜΑ ΜΑΘΗΜΑΤΙΚΩΝ  |d ΠΑΤΑΚΗΣ 
970 |a ΡΟΥΣΣΟΥ  |b ΚΩΝΣΤΑΝΤΙΝΑ  |z 2008/06/03